Normal view
MARC view
Entry Personal Name
001 - CONTROL NUMBER
- control field: 42688
003 - CONTROL NUMBER IDENTIFIER
- control field: OSt
005 - DATE AND TIME OF LATEST TRANSACTION
- control field: 20240115114233.0
008 - FIXED-LENGTH DATA ELEMENTS
- fixed length control field: 240115|| aca||aabn | a|a d
040 ## - CATALOGING SOURCE
- Original cataloging agency: OSt
- Transcribing agency: OSt
100 ## - HEADING--PERSONAL NAME
- Personal name: Indian Institute of Public Administrtion
670 ## - SOURCE DATA FOUND
- Source citation: Work cat.: (OSt): Indian Institute of Public Administrtion, India: emerging as a global leader, 2023
